000 00462nam a2200181Ia 4500
008 240925s9999 xx 000 0 und d
020 _a9781119993988
082 _a658.4092 SPE
100 _aSpellman, Ruth
245 0 _aManagers and Leaders Who Can
250 _aNA
260 _aAustralia:
_bJohn Wiley & Sons
_c,2011.
300 _axvii,653p.
_bNA
_fOriginal
500 _aIncludes Index
600 _aManagement
650 _aManagement
942 _cBK
999 _c15107
_d15107